| 000 | 01262nam a22002297a 4500 | ||
|---|---|---|---|
| 003 | OSt | ||
| 005 | 20210320120715.0 | ||
| 008 | 210320s1996 ck ||||gr|||| 00| 0 spa d | ||
| 040 |
_aCO-JMCR _cCO-JMCR |
||
| 041 | 0 | _aspa | |
| 082 | 0 | 4 |
_a333.911609861 / _bC718m _223 |
| 110 | 1 |
_aColombia. _bMinisterio del Medio Ambiente _910197 |
|
| 245 | 1 | 0 |
_aMemoria técnica de la Estrategia Nacional del Agua : _breflexiones sobre los requerimientos para la administración de la oferta hídrica nacional / _cMinisterio del Medio Ambiente |
| 260 |
_aBogotá : _bMinisterio del Medio Ambiente, _c1996 |
||
| 300 |
_a150 páginas : _bilustraciones a blanco y negro ; _c28 cm. |
||
| 504 | _aBibliografía: página 150 | ||
| 505 | 0 | _aFormulación de la estrategia nacional del agua-Ena -- La responsabilidad pública en el manejo del agua -- Problemática de la sostenibilidad del agua -- Objetivos de gestión ambiental del agua -- Instrumentos para la gestión ambiental del agua -- La concertación para la gestión ambiental del agua -- Relaciones entre actores, procesos y competencias | |
| 650 |
_a Conservación del agua _zColombia _936389 |
||
| 650 | 2 | 4 |
_aUtilización del agua _zColombia _936390 |
| 650 | 2 | 4 |
_aAbastecimiento de agua _zColombia _936391 |
| 942 |
_2ddc _cBK |
||
| 999 |
_c15453 _d15453 |
||